The Life of Jesus Christ / (Record no. 5000)
[ view plain ]
| 000 -LEADER | |
|---|---|
| fixed length control field | 00679cam a22002172 4500 |
| 001 - CONTROL NUMBER | |
| control field | 0000000953 |
| 005 - DATE AND TIME OF LATEST TRANSACTION | |
| control field | 20151217151802.0 |
| 008 - FIXED-LENGTH DATA ELEMENTS--GENERAL INFORMATION | |
| fixed length control field | 070222s xx 000 0 eng d |
| 020 ## - INTERNATIONAL STANDARD BOOK NUMBER | |
| International Standard Book Number | 1557485925 : |
| 040 ## - CATALOGING SOURCE | |
| Original cataloging agency | KABU |
| Transcribing agency | KABU |
| 050 #0 - LIBRARY OF CONGRESS CALL NUMBER | |
| Classification number | BT301 |
| Item number | .S73 |
| 100 1# - MAIN ENTRY--PERSONAL NAME | |
| Personal name | Stalker, James, |
| Dates associated with a name | 1848-1927. |
| -- | 0000149403 |
| 245 14 - TITLE STATEMENT | |
| Title | The Life of Jesus Christ / |
| Statement of responsibility, etc. | James Stalker. |
| 260 ## - PUBLICATION, DISTRIBUTION, ETC. (IMPRINT) | |
| Place of publication, distribution, etc. | Uhrichsville, Ohio : |
| Name of publisher, distributor, etc. | Barbour and company, Inc., |
| Date of publication, distribution, etc. | n.d. |
| 300 ## - PHYSICAL DESCRIPTION | |
| Extent | 223 p. ; |
| Dimensions | 21 cm. |
| 600 10 - SUBJECT ADDED ENTRY--PERSONAL NAME | |
| Personal name | Jesus Christ |
| General subdivision | Biography |
| -- | Study. |
| -- | 0000149365 |
| 908 ## - PUT COMMAND PARAMETER (RLIN) | |
| Put command parameter | 070222 |
| 950 ## - LOCAL HOLDINGS (RLIN) | |
| -- | 1 |
| Withdrawn status | Lost status | Source of classification or shelving scheme | Not for loan | Home library | Current library | Date acquired | Total Checkouts | Full call number | Barcode | Date last seen | Price effective from | Koha item type |
|---|---|---|---|---|---|---|---|---|---|---|---|---|
| Library of Congress Classification | Kabarak, Main Campus | Kabarak, Main Campus | 17/12/2015 | BT301 .S73 | 000346 | 02/08/2024 | 17/12/2015 | General Collection | ||||
| Library of Congress Classification | Kabarak, Main Campus | Kabarak, Main Campus | 17/12/2015 | BT301 .S73 | 000347 | 02/08/2024 | 17/12/2015 | General Collection |